01170nam a22001577a 4500999001900000008004100019100002700060245013400087260002300221300003600244520058100280773002300861906001000884942000700894952011100901 c523872d523872231011b ||||| |||| 00| 0 eng d aAgnihotri, Indu944090 aWomen’s histories of struggle in the face of a politics that divided nations: Excerpts from a conversation with Pramila Pandhe  aSocial Scientist  a51(7-8), Jul-Aug, 2023: p.87-92 aPramila Pandhe had weathered many storms and shouldered multiple responsibilities before I came to know her a short, gentle women quite unlike my image of a leader when she took charge as the office secretary of the all India Democratic women’s association (AIDWA), and late rice President of AIDWA. The story of the life was intertwined with the time she lived through colonial rule the influence of the social reform movement and her experience ne in Institutions was a visible presence in the western reign of India during the anti-imperialist struggle. – Reproduced  aSocial Scientist  aWOMEN cAR 00102ddc40709398919aIIPAbIIPAd2023-10-11h51(7-8), Jul-Aug, 2023: p.87-92pAR129754r2023-10-11yAR